| 000 | 01186cam a22003493a 4500 | ||
|---|---|---|---|
| 001 | 21384 | ||
| 003 | PGUSA | ||
| 005 | 20140828083445.0 | ||
| 008 | 070508s2007||||xxu|||||s|||||000 1 eng d | ||
| 040 |
_aPGUSA _beng |
||
| 042 | _adc | ||
| 050 | 4 | _aPZ | |
| 100 | 1 |
_aKingston, William Henry Giles, _d1814-1880 |
|
| 245 | 1 | 0 |
_aAfar in the Forest _h[electronic resource] / _cWilliam Henry Giles Kingston |
| 260 |
_bProject Gutenberg, _c2007 |
||
| 506 | _aPublic domain in the USA. | ||
| 516 | _aElectronic text | ||
| 653 | _aOrphans -- Juvenile fiction | ||
| 653 | _aIndians of North America -- Juvenile fiction | ||
| 653 | _aNatural history -- Juvenile fiction | ||
| 653 | _aAdventure and adventurers -- Juvenile fiction | ||
| 653 | _aHunting -- Juvenile fiction | ||
| 653 | _aFriendship -- Juvenile fiction | ||
| 653 | _aUncles -- Juvenile fiction | ||
| 653 | _aConduct of life -- Juvenile fiction | ||
| 653 | _aFrontier and pioneer life -- Juvenile fiction | ||
| 653 | _aGreat Lakes (North America) -- Juvenile fiction | ||
| 700 | 1 | _aGroome, William H. C. | |
| 830 | 0 |
_aProject Gutenberg _v21384 |
|
| 856 | 4 | 0 | _uhttp://www.gutenberg.org/ebooks/21384 |
| 942 | _cEB | ||
| 999 |
_c250639 _d250639 |
||